000 00831nam a2200265Ia 4500
003 OSt
005 20221006153335.0
006 a|||||r|||| 00| 0
007 ta
008 221006b |||||||| |||| 00| 0 eng d
020 _a4925243136
024 _a32,054
037 _bGift, Prof. Brij Tankha
_cTextual
040 _aEASL
_cEASL
_beng
041 _2eng
_aeng
082 _az4p1,P05, P5
100 _aTankha Brij etc Ed.
_9663486
245 0 _aDebating the past
_b Conference of research scholars from Japan and India
260 _aTokyo
_bTokyo University of Foreign Studies Japan
_c2005
300 _a116p.
_ccm.
650 _a JEL
650 _aConference of research scholars
_9663487
942 _hz4p1,P05, P5
_cTEXL
_2CC
999 _c1100140
_d1100140